|
|
|
|
| LEADER |
00000nam2a2200000 4500 |
| 001 |
347303 |
| 005 |
20231102010001.0 |
| 035 |
|
|
|a (RuTPU)RU\TPU\book\379188
|
| 035 |
|
|
|a RU\TPU\retro\21123
|
| 090 |
|
|
|a 347303
|
| 100 |
|
|
|a 20220311d1975 k y0rusy5003 ca
|
| 101 |
0 |
|
|a rus
|
| 102 |
|
|
|a RU
|
| 105 |
|
|
|a a z 001zy
|
| 200 |
0 |
|
|a Вып. 2
|
| 210 |
|
|
|d 1975
|
| 215 |
|
|
|a 146 с.
|c ил.
|
| 320 |
|
|
|a Библиография в конце статей
|
| 461 |
|
1 |
|0 (RuTPU)RU\TPU\book\121455
|t Прикладные проблемы прочности и пластичности
|o всесоюзный межвузовский сборник
|f Горьковский государственный университет им. Н. И. Лобачевского (ГГУ)
|v Вып. 2
|d 1975-1999
|
| 606 |
1 |
|
|a Прочность, теория
|2 stltpush
|3 (RuTPU)RU\TPU\subj\53055
|9 71407
|
| 606 |
1 |
|
|a Пластичность, теория
|x (свойства твердого тела)
|2 stltpush
|3 (RuTPU)RU\TPU\subj\67318
|9 83162
|
| 610 |
1 |
|
|a теория упругости
|
| 610 |
1 |
|
|a плоские задачи
|
| 610 |
1 |
|
|a разностные схемы
|
| 610 |
1 |
|
|a системы уравнений
|
| 610 |
1 |
|
|a изгибные колебания
|
| 610 |
1 |
|
|a самовозбуждение
|
| 610 |
1 |
|
|a колебания
|
| 610 |
1 |
|
|a сферические оболочки
|
| 610 |
1 |
|
|a ударные нагрузки
|
| 610 |
1 |
|
|a термические деаэраторы
|
| 610 |
1 |
|
|a электромагнитные импульсы
|
| 610 |
1 |
|
|a экстремальные задачи
|
| 610 |
1 |
|
|a нагрузки
|
| 610 |
1 |
|
|a деформации
|
| 610 |
1 |
|
|a упруго-пластические среды
|
| 610 |
1 |
|
|a решение задач
|
| 610 |
1 |
|
|a системы уравнений
|
| 610 |
1 |
|
|a жестко-пластические оболочки
|
| 675 |
|
|
|a 539.4
|z rus
|v 4
|
| 675 |
|
|
|a 539.214
|z rus
|v 4
|
| 801 |
|
0 |
|a RU
|b 63413507
|c 19950704
|g psbo
|
| 801 |
|
1 |
|a RU
|b 63413507
|c 20080804
|g PSBO
|
| 801 |
|
2 |
|a RU
|b 63413507
|c 20220311
|g PSBO
|
| 942 |
|
|
|c BK
|